| 000 | 01525nam0a22003251 4500 | ||
|---|---|---|---|
| 001 | rc\4187991 | ||
| 005 | 20130415193252.0 | ||
| 021 |
_aRU _b[48-7868ж] |
||
| 035 | _a(NLR Aleph) 008194651 | ||
| 090 |
_a7997981 _c7997981 |
||
| 100 | _a20130415d1948 |||y0rusy50 ca | ||
| 101 | 0 | _arus | |
| 102 | _aRU | ||
| 105 | _aa z ||||| | ||
| 200 | 1 | _aЭксплуатационные требования к размещению сортировочных станций | |
| 210 |
_aМосква _cИзд-во и 1-я тип. Трансжелдориздата _d1948 |
||
| 215 |
_a290 с., 2 л. табл. _cил. _d22 |
||
| 225 | 1 |
_aТруды Всесоюзного научно-исследовательского института железнодорожного транспорта _vВып. 25 |
|
| 300 | _aПеред загл. авт.: проф. В.В. Повороженко, К.А. Бернгард, М.С. Гликман, [и др.] | ||
| 320 | _aБиблиогр.: с. 286-287 (39 назв.) | ||
| 606 |
_aЖелезнодорожные перевозки, грузовые _xМаршрутизация _2psbo |
||
| 606 |
_aЖелезнодорожные станции, сортировочные _xРазмещение _2psbo |
||
| 701 | 1 |
_aБернгард _bК. А. |
|
| 701 | 1 |
_aПовороженко _bВ. В. _gВладимир Васильевич |
|
| 701 | 1 |
_aГликман _bМ. С. |
|
| 801 | 0 |
_aRU _bNLR _gpsbo |
|
| 801 | 1 |
_aRU _bELAR _2rusmarc |
|
| 852 |
_aNLR _jП10/598 |
||
| 942 | _cBOOK | ||
| 980 | _aNB | ||